00719nam a2200157Ia 4500008004100000020001800041100002200059245013400081260002200215440006000237650010500297650002200402856004500424999001900469952007300488171212s9999 xx 000 0 und d a9781921313912 aMacDermott, Kathy cMacDermott, KathyaWhatever Happened to Frank and Fearless?bThe impact of new public management on the Australian Public Service bANU E Pressc2008 aAustralia and New Zealand School of Government (ANZSOG) aCivil service -- Australia; Public administration -- Australia; Australia -- Politics and government aPolitical Science uwww.jstor.org/stable/10.2307/j.ctt24hc3q c351419d351419 001040aCLbCLd2017-12-12l0r2017-12-12 00:00:00w2017-12-12yCBE